Business in action : (Record no. 8421)

MARC details
000 -LEADER
fixed length control field 00956cam a2200205 a 4500
020 ## - INTERNATIONAL STANDARD BOOK NUMBER
ISBN 9780132139656 (pbk.)
020 ## - INTERNATIONAL STANDARD BOOK NUMBER
ISBN 0132139650
050 00 - CALL NUMBER
Classification number HF1008
Item number .B96
100 1# - AUTHOR
Personal name Bovée, Courtland L.
245 10 - TITLE
Title Business in action :
Remainder of title with real-time updates /
Statement of responsibility, etc Courtland L. Bovée, John V. Thill.
250 ## - EDITION
Edition statement 5th ed.
260 ## - PUBLICATION INFORMATION
Place of publication Boston :
Name of publisher Prentice Hall,
Year of publication c2011.
300 ## - DESCRIPTION
Number of Pages l, 542 p. :
Other physical details col. ill. ;
Dimensions 28 cm.
505 ## - FORMATTED CONTENTS NOTE
Table of Content PART 1 setting the stage: the business of business <br/>PART 2 building the framework: business ownership and entrepreneurship <br/>PART 3 Guiding the enterprise leadership, organization and operation<br/>PART 4 Supporting the workforce: motivation and human resource<br/>PART 5 Satisfying the customer: marketing, sales and customer support<br/>PART 6 Managing the money: accounting and financial resources
650 #0 - SUBJECTS
Topical Term Business.
650 #0 - SUBJECTS
Topical Term Commerce.
650 #0 - SUBJECTS
Topical Term Industrial management.
700 1# - OTHER AUTHORS
Personal name Thill, John V.
942 ## - ADDED ENTRY ELEMENTS (KOHA)
Koha item type Books
Holdings
Withdrawn status Lost status Collection code Home library Current library Shelving location Date acquired Source of acquisition Full call number Accession Number Koha item type
    Reference Methodist University Library Tema Methodist University Library Tema General Stacks 10/12/2024 Donation HF1008 .B96 8950 Books
Copyright © 2026  MUG Library